The Essentials of Vedic Mathematics (Record no. 12637)

MARC details
000 -LEADER
fixed length control field 00269nam a22000977a 4500
008 - FIXED-LENGTH DATA ELEMENTS--GENERAL INFORMATION
fixed length control field 240831b |||||||| |||| 00| 0 eng d
020 ## - INTERNATIONAL STANDARD BOOK NUMBER
International Standard Book Number 978812912349
100 ## - MAIN ENTRY--PERSONAL NAME
Personal name Thakur Kumar Rajesh
9 (RLIN) 7794
245 ## - TITLE STATEMENT
Title The Essentials of Vedic Mathematics
260 ## - PUBLICATION, DISTRIBUTION, ETC. (IMPRINT)
Place of publication, distribution, etc. New Delhi
Name of publisher, distributor, etc. Rupa
Date of publication, distribution, etc. 2019
Holdings
Withdrawn status Lost status Source of classification or shelving scheme Damaged status Koha normalized classification for sorting Not for loan Home library Current library Shelving location Date acquired Total Checkouts Full call number Barcode Date last seen Price effective from Koha item type
    Dewey Decimal Classification   THA_510_000000000000000   Good Samaritan School Library Good Samaritan School Library Mathematics 08/31/2024   THA510 THA17849 08/31/2024 08/31/2024 BOOK

Powered by Koha